[Event "FRA-chT"]
[Site "FRA"]
[Date "1998.04.03"]
[Round "5"]
[White "Bellon Lopez, Juan Manuel"]
[Black "De la Riva, Oscar"]
[Result "1/2-1/2"]
[WhiteElo "2455"]
[BlackElo "2495"]
[PlyCount "44"]
[EventDate "1998.02.06"]
[Source "www.chesslib.no"]
[SourceDate "2004.05.04"]

1. d4 f5 2. g3 Nf6 3. Bg2 g6 4. c4 Bg7 5. Nh3 O-O 6. Nc3 d6 7. d5 Nbd7 8. Rb1 Ne5 9. b3 Bd7 10. O-O c5 11. Nf4 Rb8 12. a4 a6 13. Bd2 b6 14. Nd3 Ne8 15. Qc2 Nc7 16. Nxe5 Bxe5 17. f4 Bg7 18. e4 b5 19. Rfe1 e5 20. fxe5 Bxe5 21. axb5 axb5 22. Ne2 Qf6 1/2-1/2

[Event "S0005, DESC"]
[Site "?"]
[Date "1999.??.??"]
[Round "?"]
[White "Kruse, Ernst Bruno"]
[Black "Krahl, Wolfgang"]
[Result "1-0"]
[WhiteElo "2545"]
[BlackElo "2405"]
[PlyCount "39"]
[EventDate "1999.??.??"]
[Source "www.chesslib.no"]
[SourceDate "2004.05.04"]

1. d4 f5 2. c4 Nf6 3. g3 d5 4. cxd5 Qxd5 5. Nf3 g5 6. Bxg5 Ne4 7. Nc3 Nxc3 8. bxc3 Qc4 9. Qd3 Qa4 10. Bg2 h6 11. Bf4 Be6 12. d5 Bd7 13. Bxc7 Bb5 14. Qxf5 Qc4 15. Qc8+ Kf7 16. Ne5+ Kg8 17. Nxc4 Bxc4 18. Qe6+ Kg7 19. Be5+ Kh7 20. Be4# 1-0

[Event "II Open ROMGAZ"]
[Site "Bucarest ROM"]
[Date "2008.09.14"]
[Round "4"]
[White "Gleizerov, E."]
[Black "Grunberg, M."]
[Result "1/2-1/2"]
[WhiteElo "2549"]
[BlackElo "2400"]
[PlyCount "37"]
[EventDate "2008.09.11"]
[Source "www.chesslib.no"]
[SourceDate "2004.05.04"]

1. d4 f5 2. g3 Nf6 3. Bg2 d6 4. d5 c6 5. c4 g6 6. Nh3 e5 7. dxe6 Bxe6 8. b3 Bg7 9. Bb2 O-O 10. Ng5 Bc8 11. O-O Na6 12. Nd2 Qe7 13. Re1 h6 14. Ngf3 Nc5 15. Qc2 a5 16. Rad1 g5 17. Nd4 Ng4 18. e3 Qf7 19. f4 1/2-1/2